Proroctví proč největší burzovní krach v historii teprve přijde... jak se na to můžete připravit a ještě na tom vydělat
Uložené v:
| Hlavný autor: | |
|---|---|
| Ďalší autori: | , |
| Médium: | Kniha |
| Jazyk: | Czech |
| Vydavateľské údaje: |
Praha
PRAGMA
2006
|
| Predmet: | |
| Tagy: |
Žiadne tagy, Buďte prvý, kto otaguje tento záznam!
|
MARC
| LEADER | 00000nam$a2200000$$$4500 | ||
|---|---|---|---|
| 001 | 0050133 | ||
| 005 | 20240313090321.3 | ||
| 020 | |a 80-7205-237-3 | ||
| 041 | 0 | |a cze | |
| 044 | |a CZ | ||
| 245 | 1 | 0 | |a Proroctví |b proč největší burzovní krach v historii teprve přijde... jak se na to můžete připravit a ještě na tom vydělat |c Robert T. Kiyosaki a Sharon L. Lechter ; přeložil Jan Brázda |
| 264 | 1 | |a Praha |b PRAGMA |c 2006 | |
| 300 | |a 314 s. | ||
| 610 | 2 | 0 | |a financie osobné |
| 610 | 2 | 0 | |a dôchodky |
| 610 | 2 | 0 | |a investovanie |
| 610 | 2 | 0 | |a investície finančné |
| 610 | 2 | 0 | |a burzy |
| 100 | 1 | |a Kiyosaki, Robert T. | |
| 700 | 1 | |a Lechter, Sharon L. | |
| 700 | 1 | |a Brázda, Jan | |